[Event "FICGS theme 0002 email"]
[Site "FICGS email"]
[Date "2018.11.10"]
[Round "1"]
[White "Ortiz, Jose"]
[Black "Liwat, Lowell"]
[Result "1-0"]
[WhiteElo "1900"]
[BlackElo "1819"]
[PlyCount "31"]
[EventDate "2018.??.??"]
[EventType "swiss (corr)"]
[EventRounds "1"]
[SourceTitle "Corr 2022"]
[Source "ChessBase"]
[SourceDate "2021.10.24"]
[SourceVersion "1"]
[SourceVersionDate "2021.10.24"]
[SourceQuality "1"]

1. d4 d5 2. g4 Bxg4 3. Bf4 e6 4. h3 Bh5 5. Nc3 c6 6. Qd2 f6 7. a3 Nd7 8. 0-0-0 Qa5 9. f3 b5 10. Na2 Qb6 11. e3 a5 12. c3 Ne7 13. Re1 0-0-0 14. Bd3 c5 15. b4 c4 16. Bc2 1-0

[Event "FICGS no engines 00 email"]
[Site "FICGS email"]
[Date "2018.11.05"]
[Round "1"]
[White "Ortiz, Jose"]
[Black "Liwat, Lowell"]
[Result "1-0"]
[WhiteElo "1900"]
[BlackElo "1819"]
[PlyCount "41"]
[EventDate "2018.??.??"]
[EventType "swiss (corr)"]
[EventRounds "1"]
[SourceTitle "Corr 2022"]
[Source "ChessBase"]
[SourceDate "2021.10.24"]
[SourceVersion "1"]
[SourceVersionDate "2021.10.24"]
[SourceQuality "1"]

1. Nf3 d5 2. d4 c6 3. e3 Bg4 4. Bd3 Nd7 5. 0-0 e5 6. Re1 e4 7. h3 Bh5 8. Nbd2 exd3 9. cxd3 Ne7 10. b4 f6 11. a3 g5 12. e4 h6 13. e5 f5 14. Nh2 Bxd1 15. Rxd1 Bg7 16. Ndf1 Nf8 17. f4 Neg6 18. fxg5 hxg5 19. Be3 f4 20. Bf2 Ne6 21. Nd2 1-0

[Event "FICGS rapid B 000300 email"]
[Site "FICGS email"]
[Date "2018.10.28"]
[Round "1"]
[White "Vasquez, Fernando Jose Pinto"]
[Black "Liwat, Lowell"]
[Result "1-0"]
[WhiteElo "1951"]
[BlackElo "1852"]
[PlyCount "33"]
[EventDate "2018.??.??"]
[EventType "tourn (rapid)"]
[EventRounds "6"]
[SourceTitle "Corr 2022"]
[Source "ChessBase"]
[SourceDate "2021.10.24"]
[SourceVersion "1"]
[SourceVersionDate "2021.10.24"]
[SourceQuality "1"]

1. e4 c5 2. c3 e5 3. Nf3 Nc6 4. Bc4 d6 5. d4 h6 6. dxe5 dxe5 7. Qxd8+ Kxd8 8. Bxf7 Nf6 9. 0-0 Bd6 10. Na3 a6 11. Nc4 Ke7 12. Bd5 Nd7 13. Nh4 Nf8 14. f4 Be6 15. Bxe6 Kxe6 16. f5+ Ke7 17. f6+ 1-0

[Event "FICGS rapid B 000297 email"]
[Site "FICGS email"]
[Date "2018.09.29"]
[Round "1"]
[White "Liwat, Lowell"]
[Black "Faust, Dieter"]
[Result "0-1"]
[WhiteElo "1852"]
[BlackElo "1865"]
[PlyCount "60"]
[EventDate "2018.??.??"]
[EventType "tourn (rapid)"]
[EventRounds "6"]
[SourceTitle "Corr 2022"]
[Source "ChessBase"]
[SourceDate "2021.10.24"]
[SourceVersion "1"]
[SourceVersionDate "2021.10.24"]
[SourceQuality "1"]

1. d4 e6 2. e4 d5 3. e5 c5 4. c3 Nc6 5. a3 Bd7 6. Nf3 f6 7. exf6 Nxf6 8. Bg5 Bd6 9. Bd3 0-0 10. b4 cxd4 11. cxd4 e5 12. dxe5 Nxe5 13. 0-0 Qc7 14. h3 Nxf3+ 15. Qxf3 Bh2+ 16. Kh1 Qe5 17. Bxf6 Rxf6 18. Qe3 Qxe3 19. fxe3 Rxf1+ 20. Bxf1 Be5 21. Ra2 Rc8 22. Nd2 Rc3 23. Kg1 Rxe3 24. Nf3 Bf4 25. Kf2 Rc3 26. g3 Be3+ 27. Kg2 d4 28. Ne5 Be6 29. Rb2 Rc1 30. a4 Bd5+ 0-1

[Event "FICGS rapid B 000297 email"]
[Site "FICGS email"]
[Date "2018.09.29"]
[Round "1"]
[White "Pareschi, Remo"]
[Black "Liwat, Lowell"]
[Result "1-0"]
[WhiteElo "2099"]
[BlackElo "1852"]
[PlyCount "35"]
[EventDate "2018.??.??"]
[EventType "tourn (rapid)"]
[EventRounds "6"]
[SourceTitle "Corr 2022"]
[Source "ChessBase"]
[SourceDate "2021.10.24"]
[SourceVersion "1"]
[SourceVersionDate "2021.10.24"]
[SourceQuality "1"]

1. d4 c5 2. d5 e5 3. e4 d6 4. Nc3 Be7 5. Nf3 g5 6. Be2 g4 7. Nd2 h5 8. f3 Nh6 9. a4 f5 10. exf5 Bxf5 11. 0-0 Bg5 12. fxg4 Be3+ 13. Kh1 Bxg4 14. Nde4 Bxc1 15. Rxc1 Qe7 16. Nb5 Nf7 17. Bxg4 hxg4 18. Rxf7 1-0

[Event "FICGS rapid B 000296 email"]
[Site "FICGS email"]
[Date "2018.09.26"]
[Round "1"]
[White "Andreozzi, Paolo"]
[Black "Liwat, Lowell"]
[Result "0-1"]
[WhiteElo "1712"]
[BlackElo "1852"]
[PlyCount "68"]
[EventDate "2018.??.??"]
[EventType "tourn (rapid)"]
[EventRounds "6"]
[SourceTitle "Corr 2022"]
[Source "ChessBase"]
[SourceDate "2021.10.24"]
[SourceVersion "1"]
[SourceVersionDate "2021.10.24"]
[SourceQuality "1"]

1. d4 c5 2. dxc5 Nc6 3. Nf3 e5 4. Nc3 Bxc5 5. Ne4 d5 6. Nxc5 Qa5+ 7. Nd2 Qxc5 8. c3 f5 9. e3 Nf6 10. h3 h5 11. Nf3 Ne4 12. Be2 g5 13. Nd2 Be6 14. Nxe4 dxe4 15. Bxh5+ Ke7 16. g4 Rad8 17. Bd2 f4 18. Qa4 Bc4 19. b3 Bd3 20. b4 Qc4 21. Qb3 b5 22. 0-0-0 Kf6 23. Rh2 f3 24. Rhh1 Qxb3 25. axb3 a5 26. bxa5 Nxa5 27. Kb2 Be2 28. c4 Nxb3 29. Kxb3 Bxd1+ 30. Rxd1 Rd3+ 31. Kb4 bxc4 32. Kxc4 Rc8+ 33. Kb4 Rc2 34. Ra1 Rcxd2 0-1

[Event "FICGS rapid B 000293 email"]
[Site "FICGS email"]
[Date "2018.08.30"]
[Round "1"]
[White "Liwat, Lowell"]
[Black "Faust, Dieter"]
[Result "0-1"]
[WhiteElo "1841"]
[BlackElo "1760"]
[PlyCount "54"]
[EventDate "2018.??.??"]
[EventType "tourn (rapid)"]
[EventRounds "6"]
[SourceTitle "Corr 2022"]
[Source "ChessBase"]
[SourceDate "2021.10.24"]
[SourceVersion "1"]
[SourceVersionDate "2021.10.24"]
[SourceQuality "1"]

1. d4 Nf6 2. c4 e6 3. a3 d5 4. Nc3 c6 5. Bg5 dxc4 6. e4 b5 7. e5 h6 8. Bxf6 gxf6 9. f4 fxe5 10. fxe5 Bb7 11. Nf3 Nd7 12. Be2 c5 13. Nxb5 Rg8 14. 0-0 cxd4 15. Nbxd4 Qb6 16. Kh1 Bc5 17. b4 Bxd4 18. Rc1 Nxe5 19. h3 Rd8 20. Qc2 Be3 21. Rcd1 Rxd1 22. Bxd1 Rg3 23. Kh2 Nxf3+ 24. Bxf3 Qc7 25. Kh1 Bxf3 26. Rxf3 Rxf3 27. gxf3 Qg3 0-1

[Event "FICGS rapid B 000293 email"]
[Site "FICGS email"]
[Date "2018.08.30"]
[Round "1"]
[White "Liwat, Lowell"]
[Black "Meza Martinez, Alcides Ivan"]
[Result "0-1"]
[WhiteElo "1841"]
[BlackElo "2046"]
[PlyCount "42"]
[EventDate "2018.??.??"]
[EventType "tourn (rapid)"]
[EventRounds "6"]
[SourceTitle "Corr 2022"]
[Source "ChessBase"]
[SourceDate "2021.10.24"]
[SourceVersion "1"]
[SourceVersionDate "2021.10.24"]
[SourceQuality "1"]

1. d4 e6 2. e4 d5 3. e5 c5 4. c3 Nc6 5. a3 Nge7 6. Bd3 cxd4 7. Nf3 dxc3 8. Nxc3 Ng6 9. Qe2 Bd7 10. 0-0 Be7 11. g3 0-0 12. h4 f6 13. Bxg6 hxg6 14. Bd2 Nxe5 15. Nxe5 fxe5 16. Qxe5 Bf6 17. Qe2 Qb6 18. Rab1 Rf7 19. Qd3 Raf8 20. Qxg6 Bd8 21. h5 Rxf2 0-1

[Event "FICGS rapid B 000292 email"]
[Site "FICGS email"]
[Date "2018.08.20"]
[Round "1"]
[White "La Iacona, Alessandro"]
[Black "Liwat, Lowell"]
[Result "1-0"]
[WhiteElo "1772"]
[BlackElo "1841"]
[PlyCount "21"]
[EventDate "2018.??.??"]
[EventType "tourn (rapid)"]
[EventRounds "6"]
[SourceTitle "Corr 2022"]
[Source "ChessBase"]
[SourceDate "2021.10.24"]
[SourceVersion "1"]
[SourceVersionDate "2021.10.24"]
[SourceQuality "1"]

1. d4 c5 2. d5 e5 3. c4 d6 4. Nc3 h6 5. g3 g5 6. e4 Be7 7. Bg2 f5 8. exf5 Bxf5 9. Qh5+ Kf8 10. Qf3 Qd7 11. Bh3 1-0

[Event "FICGS rapid B 000291 email"]
[Site "FICGS email"]
[Date "2018.08.09"]
[Round "1"]
[White "Liwat, Lowell"]
[Black "Domingo Gadea, Jordi"]
[Result "0-1"]
[WhiteElo "1841"]
[BlackElo "1892"]
[PlyCount "34"]
[EventDate "2018.??.??"]
[EventType "tourn (rapid)"]
[EventRounds "6"]
[SourceTitle "Corr 2022"]
[Source "ChessBase"]
[SourceDate "2021.10.24"]
[SourceVersion "1"]
[SourceVersionDate "2021.10.24"]
[SourceQuality "1"]

1. d4 b5 2. e4 a6 3. a4 Bb7 4. axb5 Bxe4 5. Nc3 axb5 6. Rxa8 Bxa8 7. Nxb5 Nf6 8. c4 e6 9. Nf3 Bb4+ 10. Nc3 c5 11. d5 exd5 12. Bd2 d4 13. Qe2+ Kf8 14. Nb5 Na6 15. Ne5 Bxd2+ 16. Kxd2 Qa5+ 17. Kc2 Nb4+ 0-1

[Event "FICGS rapid B 000290 email"]
[Site "FICGS email"]
[Date "2018.08.02"]
[Round "1"]
[White "Horoshilov, Andrey"]
[Black "Liwat, Lowell"]
[Result "0-1"]
[WhiteElo "1744"]
[BlackElo "1841"]
[PlyCount "56"]
[EventDate "2018.??.??"]
[EventType "tourn (rapid)"]
[EventRounds "6"]
[SourceTitle "Corr 2022"]
[Source "ChessBase"]
[SourceDate "2021.10.24"]
[SourceVersion "1"]
[SourceVersionDate "2021.10.24"]
[SourceQuality "1"]

1. e4 c6 2. d4 Nf6 3. Nc3 d6 4. Be2 h5 5. h3 e6 6. Bg5 Be7 7. Bxf6 Bxf6 8. Bxh5 c5 9. dxc5 Qa5 10. Bxf7+ Kxf7 11. Nge2 dxc5 12. 0-0 Nc6 13. f4 Nd4 14. e5 Be7 15. Nxd4 cxd4 16. Ne4 Qd5 17. Ng5+ Kg8 18. Qg4 Bd7 19. Rad1 Rf8 20. b3 Rf5 21. c4 Qc5 22. Kh2 Bxg5 23. fxg5 Qxe5+ 24. Kh1 Rxg5 25. Qf3 Rxh3+ 26. gxh3 Bc6 27. Rd3 Qe2 28. Rfd1 Bxf3+ 0-1

[Event "FICGS rapid B 000290 email"]
[Site "FICGS email"]
[Date "2018.08.02"]
[Round "1"]
[White "Liwat, Lowell"]
[Black "Perez, Alberto"]
[Result "1-0"]
[WhiteElo "1841"]
[BlackElo "1730"]
[PlyCount "27"]
[EventDate "2018.??.??"]
[EventType "tourn (rapid)"]
[EventRounds "6"]
[SourceTitle "Corr 2022"]
[Source "ChessBase"]
[SourceDate "2021.10.24"]
[SourceVersion "1"]
[SourceVersionDate "2021.10.24"]
[SourceQuality "1"]

1. d4 Nf6 2. c4 g6 3. Nc3 d5 4. cxd5 Nxd5 5. e4 Nxc3 6. bxc3 Bg7 7. Be3 0-0 8. Bd3 c5 9. Ne2 Nc6 10. e5 Be6 11. 0-0 Qa5 12. Qb1 cxd4 13. cxd4 Nb4 14. Bd2 1-0

[Event "FICGS rapid C 000174 email"]
[Site "FICGS email"]
[Date "2018.07.08"]
[Round "1"]
[White "Liwat, Lowell"]
[Black "Trigance, Emile"]
[Result "0-1"]
[WhiteElo "1841"]
[BlackElo "1665"]
[PlyCount "66"]
[EventDate "2018.??.??"]
[EventType "tourn (rapid)"]
[EventRounds "4"]
[SourceTitle "Corr 2022"]
[Source "ChessBase"]
[SourceDate "2021.10.24"]
[SourceVersion "1"]
[SourceVersionDate "2021.10.24"]
[SourceQuality "1"]

1. d4 Nf6 2. c4 e6 3. Nc3 Bb4 4. f3 c5 5. d5 Bxc3+ 6. bxc3 Qa5 7. Bb2 d6 8. e4 0-0 9. g4 e5 10. h4 Qd8 11. h5 Bd7 12. g5 Ne8 13. Bc1 f6 14. g6 h6 15. Bh3 f5 16. Bg2 Qf6 17. Be3 f4 18. Bf2 Qg5 19. Bh3 Nf6 20. Qb3 b6 21. Bxd7 Nbxd7 22. Qb5 Rad8 23. 0-0-0 Qg2 24. Nh3 Qxf3 25. Kb2 Nxe4 26. Bh4 Qxc3+ 27. Kb1 Nd2+ 28. Rxd2 Qxd2 29. Bxd8 Rxd8 30. Qb3 Nf6 31. Qf3 b5 32. cxb5 Rb8 33. Qb3 Nxd5 0-1

[Event "FICGS rapid B 000287 email"]
[Site "FICGS email"]
[Date "2018.07.08"]
[Round "1"]
[White "Liwat, Lowell"]
[Black "Wei, Erik"]
[Result "0-1"]
[WhiteElo "1841"]
[BlackElo "1746"]
[PlyCount "46"]
[EventDate "2018.??.??"]
[EventType "tourn (rapid)"]
[EventRounds "6"]
[SourceTitle "Corr 2022"]
[Source "ChessBase"]
[SourceDate "2021.10.24"]
[SourceVersion "1"]
[SourceVersionDate "2021.10.24"]
[SourceQuality "1"]

1. d4 Nf6 2. c4 e6 3. f3 d5 4. Nc3 dxc4 5. e4 Bb4 6. Bxc4 c5 7. a3 Ba5 8. Be3 cxd4 9. Bxd4 0-0 10. Nge2 Qc7 11. Qb3 a6 12. 0-0 b5 13. Bd3 Rd8 14. Rfd1 Rxd4 15. Nxd4 Bb6 16. Bxb5 e5 17. Kh1 exd4 18. Bc4 dxc3 19. Bxf7+ Kf8 20. bxc3 Nbd7 21. Bd5 Rb8 22. Rab1 Bg1 23. Qc2 Qxh2# 0-1

[Event "FICGS rapid B 000286 email"]
[Site "FICGS email"]
[Date "2018.07.01"]
[Round "1"]
[White "Perez, Alberto"]
[Black "Liwat, Lowell"]
[Result "1/2-1/2"]
[WhiteElo "1730"]
[BlackElo "1841"]
[PlyCount "91"]
[EventDate "2018.??.??"]
[EventType "tourn (rapid)"]
[EventRounds "6"]
[SourceTitle "Corr 2022"]
[Source "ChessBase"]
[SourceDate "2021.10.24"]
[SourceVersion "1"]
[SourceVersionDate "2021.10.24"]
[SourceQuality "1"]

1. c4 c5 2. e4 e5 3. Nc3 a6 4. Nf3 Nc6 5. Be2 d6 6. 0-0 h6 7. Nd5 g5 8. g3 Bh3 9. Re1 f5 10. d3 f4 11. Kh1 Nf6 12. Nxf6+ Qxf6 13. Ng1 Be6 14. g4 b5 15. a4 b4 16. f3 h5 17. b3 Nd4 18. Ra2 hxg4 19. fxg4 0-0-0 20. Bf3 Rh4 21. Bb2 Nxf3 22. Qxf3 Bxg4 23. Qf1 Qh6 24. Bc1 Be7 25. Rg2 Rh8 26. Qf2 f3 27. Nxf3 Bxf3 28. Qxf3 Rxh2+ 29. Kg1 Rh1+ 30. Kf2 Rxe1 31. Kxe1 Qh1+ 32. Qf1 Qxf1+ 33. Kxf1 Rh1+ 34. Rg1 Rh3 35. Ke2 Rh2+ 36. Kd1 Rh5 37. Ke1 Kd7 38. Kf2 Rh2+ 39. Rg2 Rh1 40. Rg1 Rxg1 41. Kxg1 Ke6 42. Kf2 Kf6 43. Kg3 Kg6 44. Kg4 Bd8 45. Bd2 Bf6 46. Be1 1/2-1/2

[Event "FICGS rapid C 000172 email"]
[Site "FICGS email"]
[Date "2018.06.28"]
[Round "1"]
[White "Liwat, Lowell"]
[Black "Perez, Alberto"]
[Result "0-1"]
[WhiteElo "1818"]
[BlackElo "1774"]
[PlyCount "80"]
[EventDate "2018.??.??"]
[EventType "tourn (rapid)"]
[EventRounds "4"]
[SourceTitle "Corr 2022"]
[Source "ChessBase"]
[SourceDate "2021.10.24"]
[SourceVersion "1"]
[SourceVersionDate "2021.10.24"]
[SourceQuality "1"]

1. d4 e6 2. e4 c5 3. d5 Qc7 4. c4 d6 5. Nc3 a6 6. Be2 Nf6 7. g4 h6 8. h4 e5 9. Nh3 Be7 10. g5 hxg5 11. Nxg5 Nbd7 12. a4 Rb8 13. a5 b6 14. axb6 Nxb6 15. h5 Nh7 16. Nh3 Bh4 17. Qd3 Qe7 18. Ng1 Bf6 19. Nd1 Nf8 20. Qg3 Ng6 21. Nh3 Bxh3 22. Rxh3 Nf4 23. Rh2 Nxe2 24. Kxe2 Nxc4 25. Rxa6 Qb7 26. Ra2 Qb5 27. Qd3 0-0 28. Nc3 Qb3 29. h6 g6 30. Rg2 Kh7 31. f3 Ra8 32. Qd1 Qb4 33. Kd3 Nb6 34. Rc2 Qc4+ 35. Ke3 Rxa2 36. Nxa2 Qxa2 37. Kf2 Qb3 38. Rd2 Qxd1 39. Rxd1 c4 40. Be3 Na4 0-1

[Event "FICGS rapid B 000282 email"]
[Site "FICGS email"]
[Date "2018.06.09"]
[Round "1"]
[White "Liwat, Lowell"]
[Black "Fayez Hosney, Mohammed"]
[Result "0-1"]
[WhiteElo "1818"]
[BlackElo "1811"]
[PlyCount "50"]
[EventDate "2018.??.??"]
[EventType "tourn (rapid)"]
[EventRounds "6"]
[SourceTitle "Corr 2022"]
[Source "ChessBase"]
[SourceDate "2021.10.24"]
[SourceVersion "1"]
[SourceVersionDate "2021.10.24"]
[SourceQuality "1"]

1. d4 g6 2. c4 Bg7 3. Nc3 d6 4. e4 Nc6 5. Be3 e5 6. d5 Nce7 7. g4 f5 8. gxf5 gxf5 9. Qh5+ Ng6 10. exf5 Qh4 11. Qf3 Nf4 12. Bxf4 Qxf4 13. Bd3 Ne7 14. Qh5+ Kd8 15. Nge2 Qh6 16. Qxh6 Bxh6 17. f6 Nf5 18. Ne4 Nh4 19. Kd1 Nf3 20. N2g3 Rf8 21. Be2 Nd4 22. Bh5 b5 23. c5 dxc5 24. f7 Ke7 25. Nxc5 Rd8 0-1

[Event "FICGS rapid C 000168 email"]
[Site "FICGS email"]
[Date "2018.05.31"]
[Round "1"]
[White "Cabrera Trujillo, Claudio Tomas"]
[Black "Liwat, Lowell"]
[Result "1-0"]
[WhiteElo "1666"]
[BlackElo "1818"]
[PlyCount "43"]
[EventDate "2018.??.??"]
[EventType "tourn (rapid)"]
[EventRounds "4"]
[SourceTitle "Corr 2022"]
[Source "ChessBase"]
[SourceDate "2021.10.24"]
[SourceVersion "1"]
[SourceVersionDate "2021.10.24"]
[SourceQuality "1"]

1. Nf3 c5 2. c4 Nc6 3. Nc3 e5 4. d3 d6 5. g3 h6 6. Bg2 g5 7. Be3 f5 8. h4 g4 9. Nd2 Nf6 10. 0-0 Be6 11. a3 Nh5 12. Bd5 Qf6 13. b4 Bxd5 14. cxd5 Nd4 15. Qa4+ Kf7 16. Rab1 b6 17. bxc5 dxc5 18. Nc4 Bd6 19. Qd7+ Be7 20. d6 Rhe8 21. dxe7 Rxe7 22. Qd5+ 1-0